=LDR 00000nam 2200000 4500 =001 INLIS000000000046728 =005 20150429172826.0 =006 =007 =008 =020 ##$$a979-3421-88-6 =035 ##$$0010-041500000000210 =082 ##$$a364.1323 =100 ##$$aJUR ANDI HAMZAH =245 ##$$aPERBANDINGAN PEMBERANTASAN KORUPSI DI BERBAGAI NEGARA =260 ##$$a JAKARTA $b SINAR GRAFIKA $c 2005 =300 ##$$a IX;92 HLM $c 20 CM =850 ##$$aNBPNMAT =990 ##$$a20605347